| 000 | 02424cam a22004694i 4500 | ||
|---|---|---|---|
| 003 | PE-LiUPU | ||
| 005 | 20250731173422.0 | ||
| 008 | 150706s2009 stk r 000 0 spa d | ||
| 020 | _a9781848710337 | ||
| 035 | _a(Sirsi) i9781848710337 | ||
| 040 |
_aPE-LiUPU _bspa _cPE-LiUPU _erda |
||
| 049 | _aPRUA | ||
| 082 | 0 | 4 |
_a250 _bB26 _221 |
| 100 | 1 |
_aBaxter, Richard, _eautor. |
|
| 245 | 1 | 3 |
_aEl pastor renovado / _cRichard Baxter. |
| 264 | 1 |
_aEdimburgo : _bEl Estandarte de la verdad, _c[2009] |
|
| 300 |
_a230 páginas ; _c22 centímetros |
||
| 336 |
_atext _2rdacontent |
||
| 337 |
_aunmediated _2rdamedia |
||
| 338 |
_avolume _2rdacarrier |
||
| 505 | 0 | _aLa vigilancia de nosotros mismos -- La naturaleza de esta vigilancia -- Los motivos para esta vigilancia -- La vigilancia del rebaño -- la naturaleza de esta vigilancia -- Esta vigilancia se extiende a todo el rebaño -- La manera de vigilar -- Hay que llevar a cabo la tarea pastoral -- Los motivos de esta vigilancia -- La aplicación -- Los usos de la humillación -- El deber de catequizar e instruir al rebaño personalmente -- Los motivos sacados del beneficio de esta labor -- Los motivos sacados de las dificultades de la obra -- Los motivos sacados de la necesidad de la obra -- La aplicación de estos motivos -- Las objeciones a este deber -- Las instrucciones para este deber -- Instrucciones para llevar a tus feligreses a someterse al ejercicio -- Amonesta a los obstinados y desobedientes -- Instrucciones para llevar a cabo el ejercicio con éxito. | |
| 526 | _aSEG42 | ||
| 526 | _aSEG41 | ||
| 526 | _aSEG40 | ||
| 526 | _aSEG39 | ||
| 526 | _aP94 | ||
| 526 | _aP87 | ||
| 526 | _aP86 | ||
| 526 | _aP85 | ||
| 526 | _aP77 | ||
| 526 | _aP76 | ||
| 526 | _aP35 | ||
| 541 | _g001-0000594; | ||
| 650 | 0 | 4 |
_aTeología Pastoral _xPrimeros trabajos a 1800. |
| 700 | 1 |
_aCrandell, Marvia Ann, _etraductor. |
|
| 910 |
_agl _bjv _clch _d20120925 |
||
| 942 |
_2ddc _cBOOK |
||
| 949 |
_a250 B26 _wDEWEY _c1 _i65440 _lCCODEBUL1 _mBUL _p33.00 _r0 _sY _tBOOK _u2015-7-6 _xTEOLOGIA _PP35 _o.STAFF. Colección General |
||
| 994 |
_aC0 _bPEPRU |
||
| 596 | _a1 | ||
| 999 |
_a250 B26 _wDEWEY _c53945 _i65440 _d53945 _e2016-5-23 _f2021-11-10 _g5 _lCCODEBUL1 _mBUL _n1 _p33.00 _r0 _sY _tBOOK _u2015-7-6 _xTEOLOGIA _PP35 _0COMPRA _o.STAFF. Colección Teología |
||
| 980 |
_81 _gALBERTO SANCHEZ Responsable de Automatización |
||